El delito de administración desleal.
Enregistré dans:
| Auteur principal: | |
|---|---|
| Autres auteurs: | |
| Format: | Inconnue |
| Langue: | anglais |
| Publié: |
Santiago, Chile:
Hammurabi,
2021
|
| Édition: | Primera edición. |
| Collection: | Colección Ciencia Jurídica
|
| Sujets: | |
| Tags: |
Ajouter un tag
Pas de tags, Soyez le premier à ajouter un tag!
|
MARC
| LEADER | 00000 a2200000 4500 | ||
|---|---|---|---|
| 003 | CL-VaPUC | ||
| 005 | 20211229184356.0 | ||
| 008 | 211210b2021 ||||| |||| 00| 0 eng d | ||
| 999 | |c 434281 |d 434279 | ||
| 020 | |a 978-956-6072-65-2 | ||
| 040 | |c Pontificia Universidad Católica de Valparaíso | ||
| 082 | |a 346.08602 REY 2021 |2 22 | ||
| 100 | 1 | |a Reyes Gajardo, Lorenzo Emiliano |9 865121 | |
| 245 | 1 | 3 | |a El delito de administración desleal. |
| 250 | |a Primera edición. | ||
| 260 | |a Santiago, Chile: |b Hammurabi, |c 2021 | ||
| 300 | |a 117 páginas | ||
| 490 | |a Colección Ciencia Jurídica | ||
| 583 | |k Sebastián Perez |c 20211210 | ||
| 650 | 0 | |a Delito de administración desleal |9 860459 |x Matrimonio | |
| 700 | |a Pastor Muñoz, Nuria |e prólogo |9 865172 | ||
| 942 | |2 ddc |c BK | ||
| 952 | |0 0 |1 0 |2 ddc |4 0 |6 346_086020000000000_REY_2021 |7 0 |8 A |9 579486 |a BIBDER |b BIBDER |d 2021-12-03 |e 22 |g 17850.00 |i 5628288 |o 346.08602 REY 2021 |p 5628288 |r 2021-12-09 |t 1 |v 17850.00 |w 2021-12-09 |y BK |k DER | ||